000 01676nam1a2200325 i 4500
001 RU\NLR\bibl\1034332
005 20260407124806.0
035 _a(NLR Aleph) 001021778
090 _a703145
_c703145
100 _a20070122d20059999u y0rusy50 ca
101 0 _arus
102 _aRU
105 _a||||z |||||
200 1 _aБилет на машину времени
_eбеседа о книгах
_fФедер. агентство по культуре и кинематографии, Рос. гос. юнош. б-ка, Отд. по пробл. чтения молодежи
_g[сост. А.В. Потемкина
_gпод ред. Л.В. Зеленина]
210 _aМосква
_cРоссийская государственная юношеская библиотека
_d2005
215 _d20
463 0 _10011023622
463 0 _10011023624
606 1 _aБиблиотеки
_xОбслуживание молодежи
_92125779
_3RU\NLR\auth\661283146
606 1 _aКниги
_jПопулярные издания
_91150548
_3RU\NLR\auth\66140949
686 _aЧ735.114.5
686 _aЧ611я9
702 1 _4220
_8rus
_7ca
_aПотемкина
_bА. В.
_cбиблиограф
_3RU\NLR\AUTH\7747532
_930467
702 1 _4340
_8rus
_7ca
_aЗеленина
_bЛ. В.
_cредактор-издатель, литератор
_gЛюдмила Владимировна
_3RU\NLR\auth\7747531
_930466
712 0 2 _4570
_aРоссийская государственная юношеская библиотека
_3RU\NLR\AUTH\889967595
_9431517
801 0 _aRU
_bNLR
_c20070122
_gRCR
801 1 _aRU
_bNLR
_c20070122
852 _aNLR
_j2006-4/36743
942 _cBOOK